Town and Country in the Middle East : (Record no. 13533)
[ view plain ]
| 000 -LEADER | |
|---|---|
| fixed length control field | 02798cam a2200385 a 4500 |
| 001 - CONTROL NUMBER | |
| control field | 15378477 |
| 005 - DATE AND TIME OF LATEST TRANSACTION | |
| control field | 20090901071110.0 |
| 008 - FIXED-LENGTH DATA ELEMENTS--GENERAL INFORMATION | |
| fixed length control field | 080723s2009 mduab |rb 001 0 eng |
| 010 ## - LIBRARY OF CONGRESS CONTROL NUMBER | |
| LC control number | 2008032662 |
| 020 ## - INTERNATIONAL STANDARD BOOK NUMBER | |
| International Standard Book Number | 9780739126776 (cloth : alk. paper) |
| 020 ## - INTERNATIONAL STANDARD BOOK NUMBER | |
| International Standard Book Number | 0739126776 (cloth : alk. paper) |
| 020 ## - INTERNATIONAL STANDARD BOOK NUMBER | |
| International Standard Book Number | 9780739132203 (electronic : alk. paper) |
| 020 ## - INTERNATIONAL STANDARD BOOK NUMBER | |
| International Standard Book Number | 0739132202 (electronic : alk. paper) |
| 035 ## - SYSTEM CONTROL NUMBER | |
| System control number | (OCoLC)236143216 |
| 035 ## - SYSTEM CONTROL NUMBER | |
| System control number | (OCoLC)ocn236143216 |
| 040 ## - CATALOGING SOURCE | |
| Original cataloging agency | DLC |
| Transcribing agency | DLC |
| Modifying agency | YDX |
| -- | YDXCP |
| -- | BTCTA |
| -- | BWX |
| -- | CDX |
| -- | DLC |
| 043 ## - GEOGRAPHIC AREA CODE | |
| Geographic area code | a-ir--- |
| -- | f-ua--- |
| 050 00 - LIBRARY OF CONGRESS CALL NUMBER | |
| Classification number | HT147.I6 |
| Item number | C45 2009 |
| 082 00 - DEWEY DECIMAL CLASSIFICATION NUMBER | |
| Classification number | 307.760955 |
| Edition number | 22 |
| Item number | CHA |
| 100 1# - MAIN ENTRY--PERSONAL NAME | |
| Personal name | Chaichian, Mohammad A. |
| 9 (RLIN) | 11998 |
| 245 10 - TITLE STATEMENT | |
| Title | Town and Country in the Middle East : |
| Remainder of title | Iran and Egypt in the Transition to Globalization, 1800-1970 / |
| Statement of responsibility, etc | Mohammad A. Chaichian. |
| 260 ## - PUBLICATION, DISTRIBUTION, ETC. (IMPRINT) | |
| Place of publication, distribution, etc | Lanham, MD : |
| Name of publisher, distributor, etc | Lexington Books, |
| Date of publication, distribution, etc | c2009. |
| 300 ## - PHYSICAL DESCRIPTION | |
| Extent | viii, 237 p. : |
| Other physical details | ill., maps ; |
| Dimensions | 24 cm. |
| 504 ## - BIBLIOGRAPHY, ETC. NOTE | |
| Bibliography, etc | Includes bibliographical references (p. 211-229) and index. |
| 505 0# - FORMATTED CONTENTS NOTE | |
| Formatted contents note | Introduction -- Comparing Iran and Egypt : theoretical and methodological considerations -- Urban political economy and the search for a theory of dependent urbanization -- Iran and Egypt : comparing the incomparable? -- Dependent urbanization in Iran -- Town and country in pre-capitalist Iran, 1800-1880s -- Development of commercial capitalism and dependent urbanization in Iran, 1880s-1953 -- Dependent urbanization in iran : from the Mossadeq era to the 1979 revolution -- Uneven urban development and hyper-Urbanization in Iran : the case of Tehran -- Dependent urbanization in Egypt -- Urbanization in pre-capitalist Egypt, 1798-1882 -- British colonialism and dependent urbanization in Egypt, 1882-1952 -- Dependent urbanization in post-revolution Egypt, 1952-1970 -- Uneven urban development in Egypt: the case of Cairo -- Divergent paths of dependent urbanization in Iran and Egypt -- Dependent urbanization and development in Iran and Egypt : comparative analysis -- Epilogue : Globalization, the "new world order" and prospects for Iran and Egypt in the region. |
| 650 #0 - SUBJECT ADDED ENTRY--TOPICAL TERM | |
| Topical term or geographic name as entry element | Cities and towns |
| Geographic subdivision | Iran |
| General subdivision | History. |
| 9 (RLIN) | 11999 |
| 650 #0 - SUBJECT ADDED ENTRY--TOPICAL TERM | |
| Topical term or geographic name as entry element | Urbanization |
| Geographic subdivision | Iran. |
| 9 (RLIN) | 12000 |
| 650 #0 - SUBJECT ADDED ENTRY--TOPICAL TERM | |
| Topical term or geographic name as entry element | Cities and towns |
| Geographic subdivision | Egypt |
| General subdivision | History. |
| 9 (RLIN) | 12001 |
| 650 #0 - SUBJECT ADDED ENTRY--TOPICAL TERM | |
| Topical term or geographic name as entry element | Urbanization |
| Geographic subdivision | Egypt. |
| 9 (RLIN) | 12002 |
| 650 #0 - SUBJECT ADDED ENTRY--TOPICAL TERM | |
| Topical term or geographic name as entry element | Globalization. |
| 9 (RLIN) | 12003 |
| 856 41 - ELECTRONIC LOCATION AND ACCESS | |
| Materials specified | Table of contents only |
| Uniform Resource Identifier | <a href="http://www.loc.gov/catdir/toc/ecip0824/2008032662.html">http://www.loc.gov/catdir/toc/ecip0824/2008032662.html</a> |
| 942 ## - ADDED ENTRY ELEMENTS (KOHA) | |
| Source of classification or shelving scheme | Dewey Decimal Classification |
| Item type | Book - Borrowing |
| Withdrawn status | Item status | Source of classification or shelving scheme | Damaged status | Not for loan | Vendor | Home library | Current library | Shelving location | Date acquired | Source of acquisition | Cost, normal purchase price | Serial Enumeration / chronology | Total Checkouts | Total Renewals | Full call number | Barcode | Date last seen | Date last borrowed | Koha item type |
|---|---|---|---|---|---|---|---|---|---|---|---|---|---|---|---|---|---|---|---|
| Dewey Decimal Classification | MERIC | Central Library | Central Library | First floor | 28/02/2010 | 854.60 | 10029 | 6 | 27 | 307.760955 CHA | 000019527 | 15/07/2025 | 10/10/2017 | Book - Borrowing |